América Latina y el Caribe. Observatorio Demográfico. Proyección de Población = Latin America and the Caribbean. Demographic Observatory

Furkejuvvon:
Bibliográfalaš dieđut
Materiálatiipa: Texto
Fáddágilkorat: Lasit fáddágilkoriid
Eai fáddágilkorat, Lasit vuosttaš fáddágilkora!

MARC

LEADER 00000 a a2200000 04500
001 43632
003
040
245 |a América Latina y el Caribe. Observatorio Demográfico. Proyección de Población =  |b Latin America and the Caribbean. Demographic Observatory  
773 |g número7 ( , 2009)  
999 |c 19744  |d 19744